Con Booster : Nemakati pariksha mahiti sangraha (Record no. 240465)
[ view plain ]
| 000 -LEADER | |
|---|---|
| fixed length control field | 01085nam a22002537a 4500 |
| 005 - DATE AND TIME OF LATEST TRANSACTION | |
| control field | 20250919152302.0 |
| 008 - FIXED-LENGTH DATA ELEMENTS--GENERAL INFORMATION | |
| fixed length control field | 250919b |||||||| |||| 00| 0 eng d |
| 040 ## - CATALOGING SOURCE | |
| Transcribing agency | AL |
| 041 ## - LANGUAGE CODE | |
| Language code of text/sound track or separate title | kan |
| 082 ## - DEWEY DECIMAL CLASSIFICATION NUMBER | |
| Classification number | 351.3K |
| Item number | RAVC |
| 100 ## - MAIN ENTRY--PERSONAL NAME | |
| Personal name | Ravikumar B G and others |
| 100 ## - MAIN ENTRY--PERSONAL NAME | |
| 9 (RLIN) | 239757 |
| 100 ## - MAIN ENTRY--PERSONAL NAME | |
| Dates associated with a name | ರವಿಕುಮಾರ್ ಬಿ ಜಿ ಮತ್ತು ಇತರರು |
| 9 (RLIN) | 239729 |
| 245 ## - TITLE STATEMENT | |
| Title | Con Booster : Nemakati pariksha mahiti sangraha |
| Remainder of title | : ಕಾನ್ ಬೂಸ್ಟರ್ ನೇಮಕಾತಿ ಪರೀಕ್ಷಾ ಮಾಹಿತಿ ಸಂಗ್ರಹ |
| 260 ## - PUBLICATION, DISTRIBUTION, ETC. | |
| Place of publication, distribution, etc. | Davanagere |
| Name of publisher, distributor, etc. | Universal Publications |
| Date of publication, distribution, etc. | 2024 |
| 300 ## - PHYSICAL DESCRIPTION | |
| Extent | xvi,1093p |
| Other physical details | PB |
| Dimensions | 27x21cm |
| 365 ## - TRADE PRICE | |
| Source of price type code | General |
| Price type code | KSCR-000457 |
| Price amount | 720.00 |
| Currency code | ₹ |
| Unit of pricing | 900.00 |
| Price note | 20% |
| Price effective from | 18-09-2025 |
| 650 ## - SUBJECT ADDED ENTRY--TOPICAL TERM | |
| Topical term or geographic name entry element | General Studies |
| 9 (RLIN) | 239730 |
| 650 ## - SUBJECT ADDED ENTRY--TOPICAL TERM | |
| Topical term or geographic name entry element | IAS SSC RRB PSI PC FDA SDA PDO GPS KAS KES BEd DEd KSRTC Group C |
| 9 (RLIN) | 239731 |
| 700 ## - ADDED ENTRY--PERSONAL NAME | |
| Personal name | Mujibulla, Syed |
| 9 (RLIN) | 239732 |
| 700 ## - ADDED ENTRY--PERSONAL NAME | |
| Personal name | ಮುಜಿಬುಲ್ಲಾ, ಸೈಯದ್ |
| 9 (RLIN) | 239733 |
| 700 ## - ADDED ENTRY--PERSONAL NAME | |
| Personal name | Ismail, Syed |
| 9 (RLIN) | 239734 |
| 700 ## - ADDED ENTRY--PERSONAL NAME | |
| Personal name | ಇಸ್ಮಾಯಿಲ್ , ಸೈಯದ್ |
| 9 (RLIN) | 239738 |
| 942 ## - ADDED ENTRY ELEMENTS (KOHA) | |
| Source of classification or shelving scheme | Dewey Decimal Classification |
| Koha item type | Book |
| Withdrawn status | Lost status | Source of classification or shelving scheme | Damaged status | Not for loan | Collection code | Home library | Current library | Shelving location | Date acquired | Source of acquisition | Cost, normal purchase price | Total Checkouts | Full call number | Barcode | Date last seen | Cost, replacement price | Price effective from | Koha item type |
|---|---|---|---|---|---|---|---|---|---|---|---|---|---|---|---|---|---|---|
| Dewey Decimal Classification | Others | St Aloysius Library | St Aloysius Library | Stack Section | 09/18/2025 | Navakarnataka Publications Pvt Ltd Mangaluru-575001 | 720.00 | 351.3K RAVC | 077889 | 09/19/2025 | 900.00 | 09/19/2025 | Book |